000 01534nam a2200253Ii 4500
003 JO-AjNU
005 20240626134539.0
008 230605s9999||||xx |||||||||||||| ||und||
040 _aJO-AjNU
_bara
_erda
_cJO-AjNU
041 _aara
050 1 4 _aJS7501.3.2020
100 1 _aالطعاني، قصي فوزي حسن
_eمعد
_965706
245 0 _aدور تكنولوجيا المعلومات وفق نموذج قبول التكنولوجيا في تحسين اداء العاملين في بلديات اقليم الشمال في الاردن=The Role of information Technology According to the Technology Acceptance Model in Improving the Performance of Staffs in the Municipalities of the Northern Region in Jordan /
_cاعداد قصي فوزي حسن الطعاني؛ اشراف علي فلاح الزعبي، خالد محمد الذيابات
264 3 1 _a 2020
300 _a138 ورقة
336 _atext
_btxt
_2rdacontent
337 _aunmediated
_bn
_2rdamedia
338 _avolume
_bnc
_2rdacarrier
500 _aرسالة جامعية(اطروحة ماجستير) جامعة عجلون الوطنية ،كلية ادارة الاعمال،ادارة اعمال 2020، يحتوي على قائمة مراجع من ص123-128ص ويحتوي على ملاحق من ص 129-138ص
650 4 _aالادارة المحلية- الاردن
_959660
700 1 _aالزعبي، علي فلاح
_928684
_eمشرف رئيسي
700 1 _aالذيابات، خالد محمد
_965563
_eمشرف مشارك
942 _2lcc
_cTHS
999 _c30426
_d30426